000 00210 a2200097 4500
001 30357
100 _aGreene, F
245 _aA Stevenson Treasury
260 _aLondon
_bHarrap & Cop
_c
090 _c20310
_d20310
942 _aNUST-CAE
_cM
_c11460
999 _c265430
_d265430